| 000 | 00710nam a2200193 a 4500 | ||
|---|---|---|---|
| 008 | 101111s2009 ||||||||||||||||| || u | ||
| 020 | _a9781412945103 | ||
| 050 | _aHF 5549 Mar | ||
| 100 | _aMartin, John | ||
| 245 | 1 | 0 |
_aHuman resource management _cby John Martin |
| 260 |
_aLondon: _bSAGE Publications _c2009 |
||
| 300 | _a207p.: ill | ||
| 350 | _a0.00 | ||
| 490 | _aSAGE Course companions knowledge and skills for success | ||
| 650 | _aPERSONNEL MANAGEMENT--CASE STUDIES | ||
| 650 | 0 | _aBUSINESS | |
| 650 | 0 | _aPERSONNEL MANAGEMENT | |
| 995 |
_D0.00 _FCBU-MAIN LIBRARY (Kitwe) _H1 _I0.00 _M1 _UAVAILABLE _WDec 8, 2010 _ZMain Library Open Access Collection |
||
| 999 |
_c45933 _d45933 |
||